En tropel (Record no. 50194)

MARC details
000 -LEADER
campo de control de longitud fija 00493nam a2200169 i 4500
001 - NÚMERO DE CONTROL
campo de control 50194
003 - IDENTIFICADOR DE NÚMERO DE CONTROL
campo de control ES-MaACL
005 - FECHA Y HORA DE LA ÚLTIMA TRANSACCIÓN
campo de control 20250911063531.0
007 - CAMPO FIJO DE DESCRIPCIÓN FÍSICA--INFORMACIÓN GENERAL
campo de control de longitud fija t|
008 - DATOS DE LONGITUD FIJA--INFORMACIÓN GENERAL
campo de control de longitud fija 030801s1936 sp ||||1| spa d
100 1# - ENTRADA PRINCIPAL--NOMBRE DE PERSONA
Nombre de persona Enamorado Cuesta, José,
Fechas asociadas al nombre 1892-1976
9 (RLIN) 47167
245 10 - MENCIÓN DEL TÍTULO
Título En tropel
Resto del título : (poemario de revolución) /
Mención de responsabilidad, etc. J. Enamorado Cuesta.
260 ## - PUBLICACIÓN, DISTRIBUCIÓN, ETC.
Lugar de publicación, distribución, etc. Madrid :
Nombre del editor, distribuidor, etc. [s.n.],
Fecha de publicación, distribución, etc. 1936 (
Fabricante Galo Sèz)
300 ## - DESCRIPCIÓN FÍSICA
Extensión 93 p. ;
Dimensiones 19 cm.
852 ## - LOCALIZACIÓN
Ubicación ES-MaACL
Número de control de estantería A-4659
Holdings
Estatus retirado Estado de pérdida Estado de daño No para préstamo Biblioteca de origen Biblioteca actual Ubicación en estantería Fecha de adquisición Fuente de adquisición Total de préstamos Signatura topográfica completa Código de barras Visto por última vez Precio de reemplazo Tipo de ítem Koha
        Biblioteca del Ateneo de Madrid Biblioteca del Ateneo de Madrid Sala Pecera Planta 1 17/01/2008     A-4659 1052799 23/02/2023 23/02/2023 Libro impreso